[Event "Titled Tuesday intern op 06th May Early"]
[Site "Chess.com INT"]
[Date "2025.05.06"]
[Round "7"]
[White "Gonzalez Guedes, Iyan"]
[Black "Bezerra, Flavio Rodrigo Cost"]
[Result "1-0"]
[WhiteElo "2238"]
[BlackElo "2096"]
[PlyCount "69"]
[EventDate "2025.05.06"]
[EventType "swiss (blitz)"]
[EventRounds "11"]
[EventCountry "USA"]
[SourceTitle "CB20_2025"]
[SourceDate "2025.05.14"]
[SourceVersion "1"]
[SourceVersionDate "2025.05.14"]
[SourceQuality "1"]

1. e4 c5 2. Nf3 Nc6 3. d4 cxd4 4. Nxd4 Nf6 5. Nc3 g6 6. Be3 Bg7 7. Qd2 0-0 8. Bc4 Ng4 9. Nxc6 dxc6 10. Rd1 Qxd2+ 11. Bxd2 b5 12. Be2 Be6 13. h3 Ne5 14. 0-0 Rfd8 15. Be3 Nc4 16. Bxc4 Bxc4 17. Rfe1 Kf8 18. Bc5 Ke8 19. f4 b4 20. Bxb4 a5 21. Bc5 Bxc3 22. bxc3 Bxa2 23. Rxd8+ Rxd8 24. Ra1 Bc4 25. Ra4 Bb5 26. Rxa5 Rd1+ 27. Kh2 Rd2 28. Ra8+ Kd7 29. Ra7+ Kc8 30. Rxe7 Bf1 31. Rxf7 Rxg2+ 32. Kh1 Rxc2 33. Rxh7 Rxc3 34. h4 Rxc5 35. Rg7 1-0

[Event "Titled Tuesday intern op 01st Apr Early"]
[Site "Chess.com INT"]
[Date "2025.04.01"]
[Round "11"]
[White "Gonzalez Guedes, Iyan"]
[Black "Novikova, Margarita"]
[Result "0-1"]
[WhiteElo "2236"]
[BlackElo "1971"]
[PlyCount "92"]
[EventDate "2025.04.01"]
[EventType "swiss (blitz)"]
[EventRounds "11"]
[EventCountry "USA"]
[SourceTitle "CB15_2025"]
[SourceDate "2025.04.09"]
[SourceVersion "1"]
[SourceVersionDate "2025.04.09"]
[SourceQuality "1"]

1. d4 Nf6 2. Nf3 e6 3. g3 d5 4. Bg2 Be7 5. 0-0 0-0 6. c4 dxc4 7. Qc2 c5 8. Qxc4 cxd4 9. Nxd4 e5 10. Nb5 Be6 11. Qc2 Qb6 12. N1c3 Nc6 13. Be3 Nd4 14. Qd3 Rfd8 15. Rad1 Nf3+ 16. Bxf3 Rxd3 17. Bxb6 Rxd1 18. Rxd1 axb6 19. Nc7 Rd8 20. Rxd8+ Bxd8 21. Nxe6 fxe6 22. Bxb7 Kf7 23. Nb5 Be7 24. Bc8 Bd8 25. Kf1 Ke7 26. Ke1 Ne4 27. Na7 Kd6 28. Bb7 Nc5 29. Bg2 Bg5 30. Nb5+ Ke7 31. Kd1 e4 32. b4 Na6 33. a3 e3 34. f4 Bf6 35. Kc2 Nb8 36. Kd3 e5 37. f5 Nd7 38. Kxe3 g6 39. Be4 Bg5+ 40. Kd3 Nf8 41. fxg6 hxg6 42. a4 Kf7 43. a5 bxa5 44. bxa5 Nd7 45. a6 Nc5+ 46. Kc4 Nxa6 0-1

[Event "Titled Tuesday intern op 04th Mar Early"]
[Site "Chess.com INT"]
[Date "2025.03.04"]
[Round "7"]
[White "Gonzalez Guedes, Iyan"]
[Black "Nagare, Akhilesh"]
[Result "1-0"]
[WhiteElo "2236"]
[BlackElo "2211"]
[PlyCount "63"]
[EventDate "2025.03.04"]
[EventType "swiss (blitz)"]
[EventRounds "11"]
[EventCountry "USA"]
[SourceTitle "CB11_2025"]
[SourceDate "2025.03.12"]
[SourceVersion "1"]
[SourceVersionDate "2025.03.12"]
[SourceQuality "1"]

1. d4 Nf6 2. Nf3 e6 3. g3 b6 4. Bg2 Bb7 5. 0-0 c5 6. c4 cxd4 7. Qxd4 Be7 8. Nc3 d6 9. Rd1 a6 10. e4 Nbd7 11. h3 0-0 12. Be3 Rc8 13. b3 Qc7 14. Rac1 Qb8 15. Ne1 Rfd8 16. Nc2 Bf8 17. Na4 b5 18. cxb5 axb5 19. Nb6 Rc6 20. Nxd7 Nxd7 21. Nb4 Rxc1 22. Rxc1 Qa8 23. f3 Rc8 24. Qd2 Nf6 25. Bf1 Rxc1 26. Qxc1 d5 27. e5 Nd7 28. Nd3 Qxa2 29. Qc7 Nxe5 30. Nxe5 Qa1 31. Qxf7+ Kh8 32. Qxf8# 1-0

[Event "Titled Tuesday intern op 04th Mar Early"]
[Site "Chess.com INT"]
[Date "2025.03.04"]
[Round "1"]
[White "Gonzalez Guedes, Iyan"]
[Black "Tari, Aryan"]
[Result "0-1"]
[WhiteElo "2236"]
[BlackElo "2621"]
[PlyCount "48"]
[EventDate "2025.03.04"]
[EventType "swiss (blitz)"]
[EventRounds "11"]
[EventCountry "USA"]
[SourceTitle "CB11_2025"]
[SourceDate "2025.03.12"]
[SourceVersion "1"]
[SourceVersionDate "2025.03.12"]
[SourceQuality "1"]

1. d4 d5 2. Nf3 e6 3. g3 Nf6 4. Bg2 Bd6 5. 0-0 h6 6. c4 Nc6 7. Nbd2 0-0 8. Qc2 a5 9. e4 dxe4 10. Nxe4 Be7 11. Rd1 a4 12. Be3 a3 13. b3 Nb4 14. Nxf6+ Bxf6 15. Qd2 Qe7 16. Ne5 c5 17. Qe2 Rd8 18. Nf3 Bd7 19. Rac1 Bc6 20. dxc5 Bb2 21. Rxd8+ Rxd8 22. Rd1 Nxa2 23. Nd4 Nc3 24. Nxc6 Nxe2+ 0-1

[Event "Titled Tuesday intern op 04th Mar Early"]
[Site "Chess.com INT"]
[Date "2025.03.04"]
[Round "10"]
[White "Gonzalez Guedes, Iyan"]
[Black "Vedant, Nitin Vekhande"]
[Result "1-0"]
[WhiteElo "2236"]
[BlackElo "2167"]
[PlyCount "115"]
[EventDate "2025.03.04"]
[EventType "swiss (blitz)"]
[EventRounds "11"]
[EventCountry "USA"]
[SourceTitle "CB11_2025"]
[SourceDate "2025.03.12"]
[SourceVersion "1"]
[SourceVersionDate "2025.03.12"]
[SourceQuality "1"]

1. d4 Nf6 2. Nf3 d5 3. g3 Bf5 4. Bg2 c5 5. 0-0 Nc6 6. c4 dxc4 7. Qa4 cxd4 8. Nxd4 Bd7 9. Nxc6 bxc6 10. Rd1 Qc7 11. Nc3 e6 12. Bf4 e5 13. Bg5 Be7 14. Bxf6 Bxf6 15. Rxd7 Kxd7 16. Rd1+ Ke7 17. Bxc6 Rad8 18. Qb4+ Rd6 19. Nd5+ Kd8 20. Nxc7 Rxd1+ 21. Kg2 Kxc7 22. Qb7+ Kd6 23. Qd7+ Kc5 24. Qxd1 Kxc6 25. Qa4+ Kb7 26. Qb5+ Ka8 27. Qxc4 Rb8 28. Qc6+ Rb7 29. b3 a5 30. Qa6+ Kb8 31. Qxa5 h5 32. Qd5 g6 33. Qd6+ Ka7 34. Qxf6 e4 35. Qd4+ Kb8 36. Qxe4 f5 37. Qe6 f4 38. Qxg6 fxg3 39. hxg3 h4 40. gxh4 Rc7 41. Qg8+ Kb7 42. h5 Rc6 43. Qd5 Kc7 44. Qxc6+ Kxc6 45. h6 Kb5 46. h7 Kb4 47. h8Q Ka3 48. Qa8+ Kb2 49. b4 Ka1 50. b5 Kb2 51. b6 Ka1 52. b7 Kb1 53. b8Q+ Ka1 54. Qh8+ Kb1 55. Qb7+ Kc1 56. Qc3+ Kd1 57. Qd5+ Kxe2 58. Qe3# 1-0

[Event "Titled Tuesday intern op 04th Feb Early"]
[Site "Chess.com INT"]
[Date "2025.02.04"]
[Round "11"]
[White "Kononenko, Dmitry1"]
[Black "Gonzalez Guedes, Iyan"]
[Result "1/2-1/2"]
[WhiteElo "2178"]
[BlackElo "2221"]
[PlyCount "130"]
[EventDate "2025.02.04"]
[EventType "swiss (blitz)"]
[EventRounds "11"]
[EventCountry "USA"]
[SourceTitle "CB07_2025"]
[SourceDate "2025.02.12"]
[SourceVersion "1"]
[SourceVersionDate "2025.02.12"]
[SourceQuality "1"]

1. e4 e5 2. Nf3 Nf6 3. Nxe5 Nxe4 4. Qe2 Qe7 5. Qxe4 d6 6. d4 dxe5 7. dxe5 Nc6 8. Be2 Qxe5 9. Qxe5+ Nxe5 10. Bf4 Bd6 11. Nc3 Nd3+ 12. Bxd3 Bxf4 13. Nd5 Bd6 14. 0-0-0 Be6 15. Rhe1 0-0 16. Be4 Rad8 17. Kb1 Rfe8 18. h3 c6 19. Nc3 Bb4 20. Rxd8 Rxd8 21. a3 Bxc3 22. bxc3 Kf8 23. Kc1 h6 24. f4 Bd5 25. Bxd5 Rxd5 26. Re4 Rd7 27. Rb4 b6 28. a4 c5 29. Rb5 Ke7 30. a5 Rd6 31. Rb3 Ke6 32. g4 Kd5 33. axb6 axb6 34. Ra3 Rd7 35. f5 Ke4 36. Ra8 Kf4 37. f6 g6 38. Rh8 Kg5 39. Rh7 Rd6 40. Rxf7 h5 41. gxh5 gxh5 42. Rg7+ Kxf6 43. Rg3 Rd7 44. Kb2 Kf5 45. Kb3 b5 46. c4 b4 47. Ka4 Rd2 48. Kb5 Rxc2 49. Kxc5 Rc3 50. Rg2 b3 51. h4 Rh3 52. Kd5 Rxh4 53. c5 Rb4 54. Rf2+ Kg4 55. Rb2 h4 56. c6 Rb8 57. c7 Rc8 58. Kd6 h3 59. Rxb3 h2 60. Rb1 Kg3 61. Kd7 Rh8 62. c8Q Rxc8 63. Kxc8 Kg2 64. Rb2+ Kg1 65. Rxh2 Kxh2 1/2-1/2

[Event "Titled Tuesday intern op 04th Feb Early"]
[Site "Chess.com INT"]
[Date "2025.02.04"]
[Round "6"]
[White "Solovjov, Alexandr"]
[Black "Gonzalez Guedes, Iyan"]
[Result "0-1"]
[WhiteElo "2237"]
[BlackElo "2221"]
[PlyCount "84"]
[EventDate "2025.02.04"]
[EventType "swiss (blitz)"]
[EventRounds "11"]
[EventCountry "USA"]
[SourceTitle "CB07_2025"]
[SourceDate "2025.02.12"]
[SourceVersion "1"]
[SourceVersionDate "2025.02.12"]
[SourceQuality "1"]

1. d4 Nf6 2. c4 g6 3. Nc3 d6 4. e4 Bg7 5. Nf3 0-0 6. h3 e5 7. d5 a5 8. Be3 Na6 9. Nd2 Nc5 10. Qc2 c6 11. g4 cxd5 12. cxd5 Bd7 13. Bxc5 dxc5 14. a4 Ne8 15. Bd3 Nd6 16. Nc4 Nxc4 17. Bxc4 Qe7 18. 0-0-0 Qd6 19. h4 Bxg4 20. Rdg1 h5 21. Nb5 Qe7 22. Rg3 Bh6+ 23. Kb1 Bf4 24. Rxg4 hxg4 25. d6 Qd7 26. h5 Kg7 27. hxg6 fxg6 28. Qb3 Rh8 29. Rd1 Rh3 30. Nc3 Rd8 31. Be6 Qc6 32. Bxg4 Rxc3 33. bxc3 Rxd6 34. Rxd6 Qxd6 35. Qxb7+ Kh6 36. Qd5 Qe7 37. Kc2 Qh4 38. f3 Qf2+ 39. Kb3 Qg1 40. Qg8 Qb1+ 41. Kc4 Qa2+ 42. Kxc5 Qxg8 0-1

[Event "Titled Tuesday intern op 04th Feb Early"]
[Site "Chess.com INT"]
[Date "2025.02.04"]
[Round "3"]
[White "Thipsay, Bagyashree Sathe"]
[Black "Gonzalez Guedes, Iyan"]
[Result "0-1"]
[WhiteElo "2075"]
[BlackElo "2221"]
[PlyCount "66"]
[EventDate "2025.02.04"]
[EventType "swiss (blitz)"]
[EventRounds "11"]
[EventCountry "USA"]
[SourceTitle "CB07_2025"]
[SourceDate "2025.02.12"]
[SourceVersion "1"]
[SourceVersionDate "2025.02.12"]
[SourceQuality "1"]

1. e4 e5 2. Nf3 Nf6 3. Nxe5 Nxe4 4. Qe2 Qe7 5. Qxe4 d6 6. d4 dxe5 7. dxe5 Nc6 8. Bf4 g5 9. Be3 f5 10. Qa4 f4 11. Bd2 Bd7 12. Be2 Nxe5 13. Qd4 Bg7 14. Qe4 Bc6 15. Bh5+ Ng6 16. Qxe7+ Kxe7 17. Nc3 Bxg2 18. Rg1 Nh4 19. 0-0-0 Bf6 20. Rge1+ Kf8 21. Ne4 Bxe4 22. Rxe4 Nf5 23. Bb4+ Kg7 24. Rd7+ Kh6 25. Bg4 a5 26. Bc5 Kg6 27. Rxc7 Rac8 28. Bb6 Rxc7 29. Bxc7 Rc8 30. Bxa5 h5 31. Bxf5+ Kxf5 32. Rb4 Re8 33. Rxb7 Re2 0-1

[Event "ESP-chT Rapid"]
[Site "Ubeda"]
[Date "2024.08.25"]
[Round "1.5"]
[White "Gonzalez Guedes, Iyan"]
[Black "Gledura, Benjamin"]
[Result "0-1"]
[WhiteElo "2239"]
[BlackElo "2620"]
[PlyCount "110"]
[EventDate "2024.08.25"]
[EventType "team-swiss (rapid)"]
[EventRounds "7"]
[EventCountry "ESP"]
[SourceTitle "CBM 221 Extra"]
[Source "ChessBase"]
[SourceDate "2024.09.30"]
[SourceVersion "1"]
[SourceVersionDate "2024.09.30"]
[SourceQuality "1"]
[WhiteTeam "Vetusta Chess"]
[BlackTeam "Oromana CEN Solutions"]
[WhiteTeamCountry "ESP"]
[BlackTeamCountry "ESP"]

1. e4 d6 2. d4 g6 3. Nc3 Bg7 4. f4 a6 5. Nf3 b5 6. Bd3 Bb7 7. e5 e6 8. Qe2 Ne7 9. 0-0 Nd7 10. Be3 Nb6 11. a4 b4 12. Ne4 Nbd5 13. Bd2 0-0 14. c4 bxc3 15. bxc3 a5 16. Qf2 Ba6 17. Bb5 Bxb5 18. axb5 a4 19. Ra3 Nb6 20. Rfa1 Ra7 21. Qe2 Qd7 22. c4 dxe5 23. dxe5 Rb8 24. Be3 Raa8 25. Bxb6 cxb6 26. Rxa4 Rxa4 27. Rxa4 Nf5 28. Ra2 Nd4 29. Nxd4 Qxd4+ 30. Kh1 Rc8 31. Nd6 Qxf4 32. g3 Qc1+ 33. Kg2 Rf8 34. Ra7 Qc3 35. Qf3 Qxf3+ 36. Kxf3 Bxe5 37. Ne4 Rc8 38. Ng5 Bg7 39. Nxf7 Rf8 40. Ke4 Rxf7 41. Ra8+ Bf8 42. Rb8 Rc7 43. Rxb6 Rxc4+ 44. Ke5 Kf7 45. Rb7+ Be7 46. b6 Rb4 47. Rb8 Rb5+ 48. Ke4 Bd6 49. Rb7+ Kf6 50. Rxh7 Rxb6 51. Ra7 Rb2 52. Ra6 Be5 53. Ra3 Re2+ 54. Kf3 Rxh2 55. Ra8 Rh3 0-1

[Event "Titled Tuesday intern op 13th Aug Early"]
[Site "Chess.com INT"]
[Date "2024.08.13"]
[Round "8"]
[White "Gonzalez Guedes, Iyan"]
[Black "Antoniou, Rafail"]
[Result "0-1"]
[WhiteElo "2239"]
[BlackElo "2007"]
[PlyCount "82"]
[EventDate "2024.08.13"]
[EventType "swiss (blitz)"]
[EventRounds "11"]
[EventCountry "USA"]
[SourceTitle "EXT 2025"]
[Source "ChessBase"]
[SourceDate "2024.10.14"]
[SourceVersion "1"]
[SourceVersionDate "2024.10.14"]
[SourceQuality "1"]

1. c4 c6 2. Nc3 d5 3. e3 Nf6 4. b3 a6 5. Bb2 b5 6. cxd5 cxd5 7. Nf3 e6 8. Ne5 Bb7 9. Bd3 Nbd7 10. Nxd7 Qxd7 11. 0-0 Bd6 12. Bc2 e5 13. Ne2 0-0 14. f4 Rfe8 15. fxe5 Bxe5 16. Bxe5 Rxe5 17. Nd4 Rae8 18. Qf3 Kh8 19. Bf5 Qd6 20. Rac1 b4 21. Qh3 h6 22. Bd3 Rh5 23. Qg3 Qxg3 24. hxg3 Rg5 25. Rc7 Bc8 26. Bxa6 Bxa6 27. Rf3 Kg8 28. Nc6 Bd3 29. Nxb4 Be4 30. Rf2 Rxg3 31. a4 Rf8 32. a5 Ng4 33. d3 Nxf2 34. Kxf2 Rxg2+ 35. Kf1 Bf3 36. a6 h5 37. a7 h4 38. Rb7 h3 39. Rb8 h2 40. Rxf8+ Kh7 41. a8Q h1Q# 0-1

[Event "Titled Tuesday intern op 13th Aug Early"]
[Site "Chess.com INT"]
[Date "2024.08.13"]
[Round "7"]
[White "Gonzalez Guedes, Iyan"]
[Black "Ben Artzi, Ido"]
[Result "1-0"]
[WhiteElo "2239"]
[BlackElo "2334"]
[PlyCount "81"]
[EventDate "2024.08.13"]
[EventType "swiss (blitz)"]
[EventRounds "11"]
[EventCountry "USA"]
[SourceTitle "EXT 2025"]
[Source "ChessBase"]
[SourceDate "2024.10.14"]
[SourceVersion "1"]
[SourceVersionDate "2024.10.14"]
[SourceQuality "1"]

1. c4 g6 2. d4 Bg7 3. Nc3 d6 4. e4 e5 5. Be3 Nc6 6. d5 Nce7 7. Be2 f5 8. f3 Nf6 9. Bd3 0-0 10. Nge2 f4 11. Bf2 g5 12. b4 a5 13. a3 axb4 14. axb4 Rxa1 15. Qxa1 g4 16. Kd2 Ng6 17. Rc1 gxf3 18. gxf3 Bh3 19. c5 Bg2 20. Ng1 Ne8 21. Qa7 Nh4 22. Be2 Qg5 23. Qxb7 Qh5 24. Bxh4 Qxh4 25. Nb5 Qf2 26. Nxc7 Qe3+ 27. Kc2 dxc5 28. Ne6 cxb4 29. Qxb4 Rf7 30. Kb2 Bf8 31. Qb3 Rb7 32. Qxb7 Ba3+ 33. Ka2 Bxc1 34. d6 Qd2+ 35. Kb1 Qxd6 36. Bc4 Kh8 37. Kxc1 Qa3+ 38. Qb2 Qe3+ 39. Kc2 Qxg1 40. Qxe5+ Kg8 41. Ng7+ 1-0

[Event "Benasque op 43rd"]
[Site "Benasque"]
[Date "2024.07.11"]
[Round "7"]
[White "Gonzalez Guedes, Iyan"]
[Black "Gimenez Lopez, Zuhaitz"]
[Result "1-0"]
[WhiteElo "2254"]
[BlackElo "2002"]
[PlyCount "77"]
[EventDate "2024.07.05"]
[EventType "swiss"]
[EventRounds "10"]
[EventCountry "ESP"]
[SourceTitle "CBM 221 Extra"]
[Source "ChessBase"]
[SourceDate "2024.09.30"]
[SourceVersion "1"]
[SourceVersionDate "2024.09.30"]
[SourceQuality "1"]

1. e4 e5 2. Nf3 Nc6 3. Bc4 Nf6 4. d3 Be7 5. 0-0 0-0 6. Re1 d6 7. a4 Na5 8. Ba2 c5 9. c3 Nc6 10. Nbd2 a6 11. Nf1 h6 12. h3 Re8 13. Ng3 Bf8 14. Nh4 d5 15. Qf3 Be6 16. Nhf5 dxe4 17. dxe4 Bxa2 18. Rxa2 Re6 19. Ne3 Ne7 20. b3 Rd6 21. Qe2 Ng6 22. Nc4 Rd3 23. Qc2 Rc8 24. a5 Rc7 25. Nb6 c4 26. Nxc4 Bc5 27. Nf5 Rcd7 28. Nb2 Nf4 29. Bxf4 exf4 30. Nxd3 Rxd3 31. b4 Ba7 32. e5 Nh5 33. Nd6 Rg3 34. Qf5 Qh4 35. e6 fxe6 36. Rxe6 Nf6 37. Rae2 Bxf2+ 38. Rxf2 Rxc3 39. Qxf4 1-0

[Event "Benasque op 43rd"]
[Site "Benasque"]
[Date "2024.07.09"]
[Round "5"]
[White "Gonzalez Guedes, Iyan"]
[Black "Diaz Guerrero, Jesus Daniel"]
[Result "1/2-1/2"]
[WhiteElo "2254"]
[BlackElo "2032"]
[PlyCount "83"]
[EventDate "2024.07.05"]
[EventType "swiss"]
[EventRounds "10"]
[EventCountry "ESP"]
[SourceTitle "CBM 221 Extra"]
[Source "ChessBase"]
[SourceDate "2024.09.30"]
[SourceVersion "1"]
[SourceVersionDate "2024.09.30"]
[SourceQuality "1"]

1. d3 d5 2. Nf3 Nf6 3. g3 c5 4. Bg2 Nc6 5. 0-0 e5 6. e4 dxe4 7. dxe4 Qxd1 8. Rxd1 Bg4 9. Re1 0-0-0 10. Na3 Bd6 11. Bg5 Be6 12. Nd2 Be7 13. f3 h6 14. Be3 g5 15. c3 Rd7 16. Bf1 Rhd8 17. Nb3 b6 18. Bb5 Kb7 19. Nc4 Bd6 20. h4 g4 21. Nxd6+ Rxd6 22. Be2 gxf3 23. Bxf3 Bg4 24. Kf2 Bxf3 25. Kxf3 Nh5 26. Bf2 Rg8 27. Rad1 Rf6+ 28. Ke3 Kc7 29. Rg1 Rfg6 30. Kf3 Rf6+ 31. Ke3 Rfg6 32. Kf3 Rf6+ 33. Ke2 Rfg6 34. Rgf1 R8g7 35. Nd2 Nxg3+ 36. Bxg3 Rxg3 37. Rf3 Rxf3 38. Kxf3 Rg6 39. Ke3 Rg3+ 40. Nf3 Rg2 41. Nd2 Rg3+ 42. Nf3 1/2-1/2

[Event "ESP-ch Rapid"]
[Site "Linares"]
[Date "2023.08.19"]
[Round "2"]
[White "Gonzalez Guedes, Iyan"]
[Black "Fernandez Borrego, Pablo"]
[Result "0-1"]
[WhiteElo "2263"]
[BlackElo "2410"]
[PlyCount "70"]
[EventDate "2023.08.19"]
[EventType "swiss (rapid)"]
[EventRounds "10"]
[EventCountry "ESP"]
[SourceTitle "CBM 215 Extra"]
[Source "ChessBase"]
[SourceDate "2023.09.30"]
[SourceVersion "1"]
[SourceVersionDate "2023.09.30"]
[SourceQuality "1"]

1. e4 e6 2. d4 d5 3. e5 c5 4. c3 Nc6 5. Nf3 Nh6 6. a3 Nf5 7. b4 cxd4 8. cxd4 Bd7 9. Be3 Be7 10. Bd3 Nxe3 11. fxe3 f6 12. 0-0 f5 13. Nc3 0-0 14. Rc1 Qe8 15. Na4 Nxb4 16. axb4 Bxa4 17. Qd2 a6 18. h3 Rc8 19. g4 Rxc1 20. Qxc1 fxg4 21. hxg4 Bb5 22. Bxb5 Qxb5 23. Qc7 Bxb4 24. Rf2 Qc6 25. Qxc6 bxc6 26. Kg2 h6 27. Rc2 Rc8 28. Nd2 Bxd2 29. Rxd2 c5 30. Ra2 cxd4 31. Rxa6 dxe3 32. Kf3 Rc4 33. Rxe6 Rxg4 34. Kxe3 Re4+ 35. Kf3 Kf7 0-1

[Event "ESP-ch Rapid"]
[Site "Linares"]
[Date "2023.08.19"]
[Round "4"]
[White "Gonzalez Guedes, Iyan"]
[Black "Moreno Trujillo, Alejandro"]
[Result "0-1"]
[WhiteElo "2263"]
[BlackElo "2489"]
[PlyCount "106"]
[EventDate "2023.08.19"]
[EventType "swiss (rapid)"]
[EventRounds "10"]
[EventCountry "ESP"]
[SourceTitle "CBM 215 Extra"]
[Source "ChessBase"]
[SourceDate "2023.09.30"]
[SourceVersion "1"]
[SourceVersionDate "2023.09.30"]
[SourceQuality "1"]

1. e4 e6 2. d4 d5 3. e5 c5 4. c3 Nc6 5. Nf3 Bd7 6. a3 c4 7. Nbd2 Nge7 8. g3 Nc8 9. h4 h6 10. b3 cxb3 11. Nxb3 Na5 12. Bd3 Qc7 13. Nxa5 Qxa5 14. Bd2 Qa4 15. Qe2 Nb6 16. 0-0 Be7 17. Nh2 0-0-0 18. Rfc1 Kb8 19. Nf1 Rc8 20. Ne3 Nc4 21. Bc2 Qc6 22. Nxc4 Qxc4 23. Bd3 Qa4 24. Rcb1 Ka8 25. Ra2 Rc7 26. Qg4 g6 27. h5 g5 28. Qf3 Rf8 29. Rab2 Bc6 30. Rb3 f5 31. exf6 Rxf6 32. Qe2 Bd6 33. Bc2 Qc4 34. Bd3 Qa4 35. Bc2 Qc4 36. Bd3 Qa4 37. Bc2 Rcf7 38. Be3 Qa5 39. Bg6 Rf8 40. Bd3 Qc7 41. Qg4 b6 42. R3b2 Bb7 43. Rc2 Qd7 44. Bb5 Qh7 45. Qe2 Qf5 46. g4 Qh7 47. a4 Bb8 48. Bd3 Qc7 49. Kf1 Qh2 50. Qd1 Bg3 51. Rbb2 Qh3+ 52. Ke1 Bh4 53. a5 Qxe3+ 0-1

[Event "ESP-chT CECLUB Div2"]
[Site "Linares"]
[Date "2023.08.18"]
[Round "7.12"]
[White "Gonzalez Guedes, Iyan"]
[Black "Mareco, Sandro"]
[Result "0-1"]
[WhiteElo "2263"]
[BlackElo "2614"]
[PlyCount "98"]
[EventDate "2023.08.13"]
[EventType "team-swiss"]
[EventRounds "7"]
[EventCountry "ESP"]
[SourceTitle "EXT 2024"]
[Source "ChessBase"]
[SourceDate "2023.10.10"]
[SourceVersion "1"]
[SourceVersionDate "2023.10.10"]
[SourceQuality "1"]
[WhiteTeam "Vetusta Chess"]
[BlackTeam "Filantropos Equigoma"]
[WhiteTeamCountry "ESP"]
[BlackTeamCountry "ESP"]

1. e4 e5 2. Nf3 Nc6 3. Bc4 Bc5 4. 0-0 Nf6 5. d3 d6 6. c3 a5 7. Re1 0-0 8. h3 Ba7 9. Nbd2 Ne7 10. d4 Ng6 11. Bb3 Bd7 12. Nf1 a4 13. Bc2 b5 14. Ng3 Re8 15. Bg5 h6 16. Be3 c5 17. Qd2 exd4 18. cxd4 Bb6 19. Re2 Ba5 20. Qd1 Rc8 21. Rc1 Be6 22. Bd3 c4 23. Bb1 c3 24. d5 Bd7 25. Bd4 cxb2 26. Bxb2 Ne5 27. Nxe5 dxe5 28. Bd3 Bb4 29. Rxc8 Qxc8 30. Rc2 Qd8 31. Qf3 Bf8 32. Nf5 g6 33. Ne3 Bd6 34. g3 Kg7 35. Kh2 Qe7 36. Qe2 Rb8 37. Rc1 Ba3 38. f4 Bxb2 39. Qxb2 Re8 40. Rf1 a3 41. Qf2 exf4 42. Qxf4 Qe5 43. Qf3 Re7 44. Re1 Nh7 45. h4 Nf6 46. Re2 h5 47. Kg2 Nxe4 48. Bxe4 Qxe4 49. Nf5+ Bxf5 0-1

[Event "ESP-chT CECLUB Div2"]
[Site "Linares"]
[Date "2023.08.15"]
[Round "3.12"]
[White "Gonzalez Guedes, Iyan"]
[Black "Matamoros Franco, Carlos S"]
[Result "1/2-1/2"]
[WhiteElo "2263"]
[BlackElo "2441"]
[PlyCount "75"]
[EventDate "2023.08.13"]
[EventType "team-swiss"]
[EventRounds "7"]
[EventCountry "ESP"]
[SourceTitle "EXT 2024"]
[Source "ChessBase"]
[SourceDate "2023.10.10"]
[SourceVersion "1"]
[SourceVersionDate "2023.10.10"]
[SourceQuality "1"]
[WhiteTeam "Vetusta Chess"]
[BlackTeam "Prodomasa Coin"]
[WhiteTeamCountry "ESP"]
[BlackTeamCountry "ESP"]

1. e4 c6 2. Nf3 d5 3. d3 Qc7 4. g3 dxe4 5. dxe4 e5 6. Bg2 Nf6 7. 0-0 Be7 8. Nbd2 0-0 9. b3 Nbd7 10. Bb2 Re8 11. Qe2 a5 12. Nc4 Bf8 13. a4 b5 14. axb5 cxb5 15. Ne3 Ba6 16. c4 bxc4 17. bxc4 Rab8 18. Bc3 Bb4 19. Bxb4 Rxb4 20. Qa2 a4 21. Qd2 Reb8 22. Nf5 Nxe4 23. Qe3 Ndf6 24. N3h4 Rb3 25. Qe1 Nc5 26. Qd2 Ne6 27. Rxa4 Bxc4 28. Rc1 Rb1 29. Bf1 Rxc1 30. Qxc1 Bxf1 31. Qxc7 Nxc7 32. Kxf1 g6 33. Ne3 Ne6 34. Nf3 e4 35. Nd2 Ng5 36. Kg2 Rd8 37. h4 Ne6 38. Nxe4 1/2-1/2

[Event "Pontevedra op 11th"]
[Site "Pontevedra"]
[Date "2023.07.25"]
[Round "2"]
[White "Gonzalez Guedes, Iyan"]
[Black "Del Rio de Angelis, Salvador Gabriel"]
[Result "0-1"]
[WhiteElo "2264"]
[BlackElo "2434"]
[PlyCount "102"]
[EventDate "2023.07.24"]
[EventType "swiss"]
[EventRounds "9"]
[EventCountry "ESP"]
[SourceTitle "CBM 215 Extra"]
[Source "ChessBase"]
[SourceDate "2023.09.30"]
[SourceVersion "1"]
[SourceVersionDate "2023.09.30"]
[SourceQuality "1"]

1. e4 c5 2. Nf3 e6 3. c3 d5 4. e5 d4 5. Bd3 Bd7 6. 0-0 Bc6 7. Na3 Ne7 8. Re1 Ng6 9. cxd4 cxd4 10. Be4 d3 11. Qb3 Bc5 12. Qxd3 Qxd3 13. Bxd3 Bxf3 14. gxf3 Nc6 15. Nb5 Ngxe5 16. Be4 0-0 17. d4 Nxd4 18. Nxd4 Bxd4 19. f4 Nc6 20. Be3 Rfd8 21. Rac1 Bxe3 22. fxe3 Rd2 23. Red1 Rxd1+ 24. Rxd1 Rd8 25. Rc1 Kf8 26. Rc2 Rd6 27. Kf2 Ke7 28. Ke2 f5 29. Bf3 Kd7 30. Rc1 b6 31. Rg1 g6 32. h4 e5 33. fxe5 Nxe5 34. h5 g5 35. Rxg5 Rd2+ 36. Kf1 Nxf3 37. Rxf5 Nh2+ 38. Ke1 Rxb2 39. Rf7+ Ke6 40. Rxa7 h6 41. a4 Ng4 42. Rg7 Kf5 43. Rg6 Rb4 44. Ke2 Rxa4 45. Rxb6 Re4 46. Kd2 Kg5 47. Ke2 Rxe3+ 48. Kf1 Kxh5 49. Kg2 Kh4 50. Rb2 Rc3 51. Ra2 Rc2+ 0-1

[Event "ESP-chT CECLUB Div2"]
[Site "Linares"]
[Date "2022.08.24"]
[Round "3.1"]
[White "Matnadze, Ana"]
[Black "Gonzalez Guedes, Iyan"]
[Result "1-0"]
[WhiteElo "2406"]
[BlackElo "2244"]
[PlyCount "113"]
[EventDate "2022.08.22"]
[EventType "team-swiss"]
[EventRounds "7"]
[EventCountry "ESP"]
[SourceTitle "CBM 209 Extra"]
[Source "ChessBase"]
[SourceDate "2022.09.30"]
[SourceVersion "1"]
[SourceVersionDate "2022.09.30"]
[SourceQuality "1"]
[WhiteTeam "Naxfor Benalmadena"]
[BlackTeam "Vetusta Chess"]
[WhiteTeamCountry "ESP"]
[BlackTeamCountry "ESP"]

1. d4 Nf6 2. Nf3 g6 3. g3 Bg7 4. Bg2 0-0 5. 0-0 d6 6. c4 Nc6 7. Nc3 a6 8. d5 Na5 9. Nd2 c5 10. Rb1 Rb8 11. b3 b5 12. Bb2 Bh6 13. Ba1 Bf5 14. e4 Bg4 15. f3 Be3+ 16. Kh1 Bd7 17. Ne2 bxc4 18. Nxc4 Nxc4 19. bxc4 Bh6 20. e5 Ne8 21. f4 Bg7 22. Qd2 Bf5 23. Rb3 Rxb3 24. axb3 Qb6 25. Nc1 Nc7 26. Bc3 Ra8 27. Ba5 Qb8 28. Qe2 Ne8 29. g4 Bd7 30. Re1 Ra7 31. h3 Bh6 32. Qf2 Bg7 33. Qe2 Bh6 34. e6 fxe6 35. dxe6 Bc8 36. g5 Bg7 37. f5 Bb7 38. fxg6 hxg6 39. Nd3 Bxg2+ 40. Qxg2 Qxb3 41. Qf3 Qb7 42. Re4 Bf6 43. gxf6 Nxf6 44. Rf4 g5 45. Rf5 Qxf3+ 46. Rxf3 Rb7 47. Nf2 Rb1+ 48. Kg2 Rc1 49. Bc3 Nh5 50. Bd2 Rxc4 51. Bxg5 Rd4 52. Rf7 Rd5 53. h4 Ng7 54. Rxe7 Kf8 55. Rf7+ Kg8 56. Ng4 Nxe6 57. Nh6+ 1-0